Представление документа в формате RUSMARC

ПолеНазваниеЗначение
  Тип записи i
  Библиографический уровень m
001 Контрольный номер RU/IS/BASE/423750732
005 Дата корректировки 20260225163331.0
010 Индекс ISBN __
d Цена 264-32
101 Язык документа 1_
a Язык текста rus
c Язык оригинала eng
200 Заглавие и сведения об ответственности 1_
a Заглавие Шопоголик и бэби
e Сведения, относящиеся к заглавию [аудиокнига : роман : 16+]
f Первые сведения об ответственности Софи Кинселла ; [читает Наталья Рычкова ; рук. проекта А. Тарасова ; пер. У. Сапциной]
b Общее обозначение материала Звукозапись
210 Выходные данные 1_
a Место издания М.
c Издательство ЭКСМО-Сидиком
c Издательство Sound time
d Дата издания 2008
215 Физическое описание __
a Объем 1 электрон. опт. диск (Audio CD) (12 ч. 44 мин.)
300 Общие примечания __
a Общие примечания MP3 ; 112 кБит/сек ; 44,1 кГц ; CD, VCD, DVD аппаратуре со встроенным декодером МР3
323 Примечание о главных создателях, исполнителях, участниках __
a Примечание о главных создателях, исполнителях, участниках Рячкова, Н. (читает)
330 Аннотация __
a Аннотация Легкомысленная, но абсолютно позитивная особа, главная собственность которой - ее муж и горы всяких вещей, вещиц и вещичек, которые имеют особенность выходить из моды и постепенно становиться антиквариатом. Теперь Бекки в предвкушении рождения ребенка и разумеется, чадо надо обучать основам шопоголизма с молодых ногтей. И если для того, чтобы купить еще что-нибудь, потребуется открыть счет в стране "третьего мира", то у Бекки их будет пятнадцать! Кажется, пришло время всерьез волноваться за состояние глобальной экономики.
333 Примечание о целевом назначении __
a Примечание о целевом назначении 16+. Для детей старше 16 лет
606 Тематические рубрики __
a Основная рубрика Художественная литература
606 Тематические рубрики __
a Основная рубрика Литература Европы (произведения)
y Географическая подрубрика Великобритания; Англия
610 Ключевые слова 0_
a Ключевые слова зарубежная литература; иностранная литература; английская литература; романы; тема женщины; тема одержимости; тема шопинга; тема любви; тема ревности
686 Индексы других классификаций __
a Классификационный индекс 84(4Вел)6-4я04
700 Автор _1
a Фамилия Кинселла
b Имя С.
g Полное личное имя Софи
4 Код отношения 070
702 Вторичная интеллектуальная ответственность _1
a Фамилия Тарасова
b Имя А.
4 Код отношения Руководитель проекта
4 Код отношения 570
702 Вторичная интеллектуальная ответственность _1
a Фамилия Сапцина
b Имя У.
4 Код отношения Переводчик
4 Код отношения 730
801 Источник записи _0
a Страна RU
b Организация Муниципальное бюджетное учреждение культуры "Централизованная библиотечная система" г. Сургут (Центральная городская библиотека им. А. С. Пушкина)
g Правила каталогизации КиК/Лукашук
801 Источник записи _1
a Страна RU
b Организация Муниципальное бюджетное учреждение культуры "Централизованная библиотечная система" г. Сургут (Центральная городская библиотека им. А. С. Пушкина)
g Правила каталогизации КиК/Лукашук
852 Данные о местонахождении __
j Шифр хранения 84(4Вел)6-4я04
i Авторский знак К 41
901 Тип документа __
t Тип документа 0
903 Характеристики (МАРС) __
a Дата передачи 20130605
969 Тип издания __
a Тип издания аудиокнига; издание для слепых
990 Данные о заказе (DOS) __
j Количество экземпляров (DOS) 2
h N записи в КСУ для Б/У (DOS) 201306